000 00429nam a2200217Ia 4500
003 IT-RoPAU
008 120407s9999 xx 000 0 und d
040 _aIT-RoPAU
040 _cIT-RoPAU
041 _aita
100 _aPiero Bargellini
245 _aVia larga
250 _aFirenze
260 _aVallecchi
260 _c1943
300 _a259 p.
300 _c21 cm
490 _v1
942 _cBK
999 _c30722
_d30722